Quiz da Tailândia - Statistics

Estatísticas Gerais
  • Esse quiz foi jogado 1 382 vezes
  • A pontuação média é 9 de 19
Estatísticas das Respostas
Dica Resposta % Correto
Capital Banguecoque
90%
Países fazendo fronteira com a Tailândia Laos
85%
Religião mais comum Budismo
84%
Países fazendo fronteira com a Tailândia Camboja
81%
Tipo de desastre natural que atingiu a Tailândia em 2004 Tsunâmi
80%
Países fazendo fronteira com a Tailândia Birmânia
79%
Países fazendo fronteira com a Tailândia Malásia
73%
Grão mais plantado Arroz
70%
Na Tailândia, é um crime insultar essa pessoa O rei
56%
Animal considerado "sagrado" {Elefante} branco
41%
Península onde a Tailândia está Indochina
37%
Antigo nome Português para a Tailândia Sião
34%
Esporte nacional Muay thai
29%
Moeda oficial Bate
27%
Segundo maior grupo étnico Han
25%
Maior ilha, um grande centro turístico Phuket
19%
Mar no oeste da Tailândia Mar de Andamão
14%
Nome Tailandês do acima (versão curta) Krung Thep
11%
Longo rio na fronteira oriental da Tailândia Rio Mecom
11%
Nenhum quiz correspondente encontrado
Distribuição das Pontuações
Porcentagem de Pessoas com Cada Pontuação
Percentil de Números Respondidos
Sua Pontuação Histórica
Você não jogou esse quiz